Conference program : (Record no. 355919)
[ view plain ]
| 000 -LEADER | |
|---|---|
| fixed length control field | 00240nam a2200085Ia 4500 |
| 008 - FIXED-LENGTH DATA ELEMENTS--GENERAL INFORMATION | |
| fixed length control field | 180219s9999 xx 000 0 und d |
| 245 ## - TITLE STATEMENT | |
| Title | Conference program : |
| Remainder of title | international conference teacher education / |
| 260 ## - PUBLICATION, DISTRIBUTION, ETC. (IMPRINT) | |
| Date of publication, distribution, etc | 2006 |
| 300 ## - PHYSICAL DESCRIPTION | |
| Extent | 139 pages |
| Withdrawn status | Lost status | Damaged status | Home library | Current library | Shelving location | Date acquired | Source of acquisition | Total Checkouts | Full call number | Barcode | Date last seen | Price effective from | Koha item type |
|---|---|---|---|---|---|---|---|---|---|---|---|---|---|
| College Library | College Library | General Circulation Section | 02/19/2018 | LB 1727 .C748 2006 | c21192 | 05/15/2018 | 02/19/2018 | Books |